header

Distance education (Record no. 86292)

MARC details
000 -LEADER
fixed length control field 01041nam a2200277 a 4500
100 1# - MAIN ENTRY--AUTHOR NAME
Personal name Puri, Usha.
245 10 - TITLE STATEMENT
Title Distance education
260 ## - PUBLICATION, DISTRIBUTION, ETC. (IMPRINT)
Place of publication New Delhi :
Name of publisher Pragun Publications,
Year of publication 2006.
300 ## - PHYSICAL DESCRIPTION
Number of Pages x, 341 p.
650 #0 - SUBJECT ADDED ENTRY--TOPICAL TERM
Topical Term Distance education.
856 40 - ELECTRONIC LOCATION AND ACCESS
Uniform Resource Identifier http://site.ebrary.com/lib/rucke/Doc?id=10416071

No items available.

© 2026 Rongo University
Contact us: librarian | system librarian | Rongo university